House That Always Rains (All Lyrics) - Conan Gray - Statistics

General Stats
  • This quiz has been taken 23 times
  • The average score is 203 of 237
Answer Stats
Answer % Correct
I
100%
you
100%
a
92%
afraid
92%
Always
92%
always
92%
and
92%
'Cause
92%
Come
92%
do
92%
Don't
92%
door
92%
explain
92%
find
92%
frame
92%
house
92%
In
92%
in
92%
love?
92%
me
92%
of
92%
rain
92%
rains
92%
saw
92%
shakes
92%
shouting
92%
that
92%
the
92%
they're
92%
up
92%
we
92%
we're
92%
were
92%
why
92%
be
85%
born
85%
Grew
85%
my
85%
strange
85%
swift
85%
Texas
85%
Then
85%
to
85%
To
85%
us?
85%
would
85%
You're
85%
Both
77%
both
77%
boys
77%
city
77%
clouds
77%
feet
77%
first
77%
For
77%
friend
77%
it
77%
laughing
77%
less
77%
lover
77%
more
77%
Oh,
77%
over
77%
private
77%
schools
77%
shoulders
77%
street
77%
Stumbled
77%
thing
77%
time
77%
went
77%
With
77%
again
69%
being
69%
But
69%
chipped
69%
church
69%
could
69%
dirt
69%
Found
69%
if
69%
it's
69%
one
69%
prove
69%
quiet
69%
rest
69%
scared
69%
seen,
69%
seen
69%
sharp
69%
slick
69%
soft
69%
talking
69%
teeth
69%
world
69%
would've
69%
about
62%
crowds
62%
fell
62%
got
62%
head
62%
left,
62%
not
62%
Overwhelmed,
62%
truly
62%
was
62%
While
62%
(eye
54%
eye)
54%
(Terrified)
38%
No matching quizzes found
Score Distribution
Percent of People with Each Score
Percentile by Number Answered
Your Score History
You have not taken this quiz